Countries that have been represented by a Formula one driver - Statistics

General Stats
  • This quiz has been taken 14 times
  • The average score is 35 of 41
Answer Stats
First Driver(s) Last Driver(s) Total Number of Drivers Answer % Correct
Tony Gaze (1952 Belgian Grand Prix) Jack Doohan, Oscar Piastri (2024 Abu Dhabi Grand Prix) 18 Australia
100%
Chico Landi (1951 German Grand Prix) Pietro Fittipaldi (2020 Abu Dhabi Grand Prix) 32 Brazil
100%
Peter Ryan (1961 United States Grand Prix) Lance Stroll (2024 Abu Dhabi Grand Prix) 15 Canada
100%
Philippe Étancelin, Yves Giraud-Cabantous, Eugène Martin,Louis Rosier(1950 British Grand Prix) Pierre Gasly (2024 Abu Dhabi Grand Prix) 74 France
100%
Luigi Fagioli, Nino Farina (1950 British Grand Prix) Antonio Giovinazzi (2021 Abu Dhabi Grand Prix) 99 Italy
100%
Hiroshi Fushida (1975 Dutch Grand Prix) Yuki Tsunoda (2024 Abu Dhabi Grand Prix) 21 Japan
100%
Ricardo Rodríguez (1961 Italian Grand Prix) Sergio Pérez (2024 Abu Dhabi Grand Prix) 6 Mexico
100%
Jan Flinterman, Dries van der Lof (1952 Dutch Grand Prix) Max Verstappen (2024 Abu Dhabi Grand Prix) 17 Netherlands
100%
Vitaly Petrov (2010 Bahrain Grand Prix) Nikita Mazepin (2021 Abu Dhabi Grand Prix) 4 Russia
100%
Paco Godia, Juan Jover (1951 Spanish Grand Prix) Fernando Alonso, Carlos Sainz Jr. (2024 Abu Dhabi Grand Prix) 15 Spain
100%
Geoffrey Crossley, Joe Fry, Bob Gerard, David Hampshire, etc... (1950 British Grand Prix) Lewis Hamilton, Lando Norris, George Russell (2024 Abu Dhabi Grand Prix) 163 United Kingdom
100%
Juan Manuel Fangio (1950 British Grand Prix) Franco Colapinto (2024 Abu Dhabi Grand Prix) 26 Argentina
93%
Johnny Claes (1950 British Grand Prix) Stoffel Vandoorne (2018 Abu Dhabi Grand Prix) 25 Belgium
93%
Zhou Guanyu (2022 Bahrain Grand Prix) Zhou Guanyu (2024 Abu Dhabi Grand Prix) 1 China
93%
Ricardo Londoño (1981 Brazilian Grand Prix) Juan Pablo Montoya (2006 United States Grand Prix) 3 Colombia
93%
Tom Belsø (1973 Swedish Grand Prix) Kevin Magnussen (2024 Abu Dhabi Grand Prix) 5 Denmark
93%
Leo Kinnunen (1974 Belgian Grand Prix) Valtteri Bottas (2024 Abu Dhabi Grand Prix) 9 Finland
93%
Paul Pietsch (1950 Italian Grand Prix) Nico Hülkenberg (2024 Abu Dhabi Grand Prix) 54 Germany / West Germany
93%
Joe Kelly (1950 British Grand Prix) Ralph Firman (2003 Japanese Grand Prix) 5 Ireland
93%
Louis Chiron (1950 British Grand Prix) Charles Leclerc (2024 Abu Dhabi Grand Prix) 5 Monaco
93%
Bruce McLaren (1958 German Grand Prix) Liam Lawson (2024 Abu Dhabi Grand Prix) 10 New Zealand
93%
Tony Maggs (1961 British Grand Prix) Jody Scheckter (1980 United States Grand Prix) 23 South Africa
93%
Erik Lundgren (1951 German Grand Prix) Marcus Ericsson (2018 Abu Dhabi Grand Prix) 11 Sweden
93%
Toulo de Graffenried (1950 British Grand Prix) Sébastien Buemi (2011 Brazilian Grand Prix) 29 Switzerland
93%
Harry Schell (1950 Monaco Grand Prix) Logan Sargeant (2024 Dutch Grand Prix) 58 United States
93%
Jochen Rindt (1964 Austrian Grand Prix) Christian Klien (2010 Abu Dhabi Grand Prix) 16 Austria
86%
Robert La Caze (1958 Moroccan Grand Prix) Robert La Caze (1958 Moroccan Grand Prix) 1 Morocco
86%
Mário Araújo de Cabral (1959 Portuguese Grand Prix) Tiago Monteiro (2006 Brazilian Grand Prix) 5 Portugal
86%
Eliseo Salazar (1981 USA West Grand Prix) Eliseo Salazar (1983 Belgian Grand Prix) 1 Chile
79%
Zsolt Baumgartner (2003 Hungarian Grand Prix) Zsolt Baumgartner (2004 Brazilian Grand Prix) 1 Hungary
79%
Narain Karthikeyan (2005 Australian Grand Prix) Narain Karthikeyan (2012 Brazilian Grand Prix) 2 India
79%
Robert Kubica (2006 Hungarian Grand Prix) Robert Kubica (2021 Italian Grand Prix) 1 Poland
79%
Prince Bira (1950 British Grand Prix) Alexander Albon (2024 Abu Dhabi Grand Prix) 2 Thailand
79%
Tomáš Enge (2001 Italian Grand Prix) Tomáš Enge (2001 Japanese Grand Prix) 1 Czech Republic
71%
Eitel Cantoni (1952 British Grand Prix) Asdrúbal Fontes Bayardo (1959 French Grand Prix) 4 Uruguay
71%
Rio Haryanto (2016 Australian Grand Prix) Rio Haryanto (2016 German Grand Prix) 1 Indonesia
64%
Rikky von Opel (1973 French Grand Prix) Rikky von Opel (1974 French Grand Prix) 1 Liechtenstein
64%
Ettore Chimeri (1960 Argentine Grand Prix) Pastor Maldonado (2015 Abu Dhabi Grand Prix) 3 Venezuela
64%
Alex Yoong (2001 Italian Grand Prix) Alex Yoong (2002 Japanese Grand Prix) 1 Malaysia
50%
Ernst Klodwig, Rudolf Krause (1952 German Grand Prix) Edgar Barth, Theo Fitzau,
Ernst Klodwig, Rudolf Krause
(1953 German Grand Prix)
4 East Germany
43%
John Love (1962 South African Grand Prix) John Love (1972 South African Grand Prix) 6 Rhodesia
21%
No matching quizzes found
Score Distribution
Percent of People with Each Score
Percentile by Number Answered
Your Score History
You have not taken this quiz